00488nam a2200193 a 4500001001300000003000900013005001700022008004100039020001000080082001500090100002300105245001700128260002900145300000900174500003500183505002800218650002500246700002300271nice12345678IN_TiNIC20260116011308.0050524s0000 agra grp 000 0 urd  ac10000a297.5bMUH aMuhabbul Haq, Syed aBalaghul Haq aAgrabAzeezi Pressc0000 a196p aincludes index and biblioraphy2 aHand Written Manuscript aIslam-Moral Theology1 aMuhabbul Haq, Syed